Central Library OPAC University of Rajshahi

High adventure / (Record no. 77064)

MARC details
000 -LEADER
fixed length control field 00975nam a2200289 a 4500
001 - CONTROL NUMBER
control field 77064
003 - CONTROL NUMBER IDENTIFIER
rucl marc code BD-RjUL
005 - DATE AND TIME OF LATEST TRANSACTION
control field 20211209082924.0
008 - FIXED-LENGTH DATA ELEMENTS--GENERAL INFORMATION
fixed length control field 200220r19581955enk 00010 eng d
035 ## - SYSTEM CONTROL NUMBER
System control number (BD-RjUL)77288
System control number 2234010
040 ## - CATALOGING SOURCE
Original cataloging agency ANL
Language of cataloging eng
Modifying agency ANL
Transcribing agency BD-RjUL
041 ## - LANGUAGE CODE
Language code of text/sound track or separate title eng
082 ## - DEWEY DECIMAL CLASSIFICATION NUMBER
Edition number 23
Classification number 796.522
Author mark and year HIH 1958
100 1# - MAIN ENTRY--PERSONAL NAME
Personal name Hillary, Edmund,
Dates associated with a name 1919-2008
9 (RLIN) 239597
245 10 - TITLE STATEMENT
Title High adventure /
Statement of responsibility, etc. With maps by A. Spark and sketches by George Djurkonic.
260 ## - PUBLICATION, DISTRIBUTION, ETC. (IMPRINT)
Place of publication, distribution, etc. London :
Name of publisher, distributor, etc. Hodder & Stoughton,
Date of publication, distribution, etc. 1958.
300 ## - PHYSICAL DESCRIPTION
Pagination 192p. :
Illustrations illus. ;
Size 19cm.
500 ## - GENERAL NOTE
General note Personal record of the author's mountain climbing experiences, including the Everest Expedition of 1953.
General note First published 1955.
600 10 - SUBJECT ADDED ENTRY--PERSONAL NAME
Personal name Hillary, Edmund,
Dates associated with a name 1919-2008
650 #0 - SUBJECT ADDED ENTRY--TOPICAL TERM
Topical term or geographic name as entry element Mount Everest Expedition, 1953.
9 (RLIN) 239598
Topical term or geographic name as entry element Mountaineering.
9 (RLIN) 239599
651 #0 - SUBJECT ADDED ENTRY--GEOGRAPHIC NAME
Geographic name Everest, Mount (China and Nepal)
9 (RLIN) 239600
942 ## - ADDED ENTRY ELEMENTS (KOHA)
Source of classification or shelving scheme Dewey Decimal Classification
Koha item type Books
Holdings
Lost status Source of classification or shelving scheme Damaged status Not for loan Collection code Permanent Location Current Location Shelving location Date acquired Source of acquisition Total Checkouts Full call number Date last seen Copy number Koha item type
  Dewey Decimal Classification     Non-fiction Central Library, University of Rajshahi Central Library, University of Rajshahi Reading Room 19/02/1965 Zeitlinger   796.522 HIH 1958 20/02/2020 C-1 Books